Statistiche per Riconosci la Squadra di calcio - Quiz n°330

Clicka qui per fare il quiz!

Statistiche generali

  • Questo quiz è stato fatto 4 volte
  • Il punteggio medio è 6 su 10

Statistiche sulle risposte

IndizioRisposta% Corretto
Trofei nazionali5 Coppe del Messico
5 Supercoppe del Messico
100%
Divisione nazionale 2023-2024Prima
100%
Colori socialiVerde, bianco
100%
Trofei internazionali1 CONCACAF Champions' Cup/Champions League
1 Leagues Cup
67%
SimboliLeone
67%
Fondazione1944
33%
Capienza Stadio32 800 posti
33%
Titoli nazionali8 Campionati messicani
33%
ConfederazioneCONCACAF
33%
SquadraLeón
33%

Distribuzione punteggi

Percentile per numero di risposta

Percentuale di utenti per punteggio

I tuoi punteggi nel tempo

Non hai fatto questo quiz